[Event "Match"]
[Site "www.echecsemail.com"]
[Date "2017.09.16"]
[Round "1"]
[White "Carazo"]
[Black "Mrmoto"]
[WhiteElo "1760"]
[BlackElo "1660"]
[Result "1-0"]
[Round "1"]
1.Nb1c3 Ng8f6
2.e4 e5
3.Ng1f3 a6
4.Nf3xe5 b5
5.Qd1f3 d6
6.Ne5c6 Nb8xc6
7.e5 Nc6xe5
8.Qf3xa8 Bf8e7
9.d4 Ne5g6
10.Qa8c6 Bc8d7
11.Qc6xa6 O-O
12.Bf1xb5 Bd7f5
13.Bb5a4 c5
14.Bc1e3 Bf5c8
15.Qa6b5 h6
16.dxc5 Bc8d7
17.Qb5c4 Bd7xa4
18.Nc3xa4 Qd8a8
19.c6 Rf8c8
20.Na4b6 Qa8xc6
21.Qc4xc6 Rc8xc6
22.O-O-O Kh7
23.h4 Nf6g4
24.Nb6d5 Be7xh4
25.g3 Bh4d8
26.Nd5b4 Rc6c8
27.Rd1xd6 Ng4xe3
28.fxe3 Bd8e7
29.Rd6b6 Be7g5
30.Nb4d5 Rc8d8
31.Rh1d1 Ng6e5
32.Rb6b4 Ne5c6
33.Rb4b6 Nc6e5
34.b3 Ne5g4
35.Rb6b7 Ng4xe3
36.Nd5f6 Bg5xf6
37.Rd1xd8 Bf6xd8
38.Rb7xf7 Bd8f6
39.a4 Kg6
40.Rf7d7 h5
41.a5 Bf6c3
42.a6 Bc3b4
43.a7 { resign }
1-0

[Event "Tourn. n9469"]
[Site "www.chess-mail.com"]
[Date "2017.09.17"]
[Round "1"]
[White "Rons"]
[Black "Numanoid"]
[WhiteElo "2550"]
[BlackElo "2440"]
[Result "1-0"]
[Round "1"]
1.e4 e6
2.d4 d5
3.Nb1c3 Ng8f6
4.Bc1g5 dxe4
5.Nc3xe4 Bf8e7
6.Bg5xf6 gxf6
7.Ng1f3 f5
8.Ne4c3 a6
9.g3 b5
10.Bf1g2 Bc8b7
11.O-O c5
12.dxc5 Be7xc5
13.Qd1e2 Qd8e7
14.Rf1d1 Nb8c6
15.Qe2d2 O-O
16.Qd2h6 f6
17.a4 b4
18.Nc3e2 e5
19.Nf3h4 Qe7e6
20.Bg2d5 { resign }
1-0

[Event "Tourn. n9438"]
[Site "www.chess-mail.com"]
[Date "2017.09.17"]
[Round "1"]
[White "Cjood"]
[Black "Geretree"]
[WhiteElo "1940"]
[BlackElo "1920"]
[Result "0-1"]
[Round "1"]
1.Ng1f3 Nb8c6
2.c4 e5
3.d4 e4
4.Nf3d2 Ng8f6
5.e3 d5
6.cxd5 Qd8xd5
7.Bf1c4 Qd5g5
8.O-O Bc8h3
9.g3 Bh3xf1
10.Qd1xf1 Bf8d6
11.Nb1c3 Qg5g6
12.a3 O-O
13.Qf1g2 Nc6a5
14.Bc4a2 Rf8e8
15.b4 Na5c6
16.d5 Nc6e5
17.Nc3xe4 Ne5d3
18.Ne4xf6 Qg6xf6
19.Ra1b1 Bd6e5
20.Nd2e4 Qf6f5
21.g4 Qf5g6
22.f4 Be5xf4
23.exf4 Qg6xe4
24.Bc1d2 Qe4xg2
25.Kxg2 Re8e2
26.Kg3 Re2xd2
27.Ba2c4 Ra8e8
28.h3 Re8e3
29.Kh4 Nd3xf4
30.Kg5 Nf4xh3
31.Kh4 h6
32.Rb1h1 g5
33.Kh5 Nh3f4
34.Kxh6 f6
35.d6 Kh8
36.Bc4f1 Rd2xd6
{ resign }
0-1

[Event "Tourn. n9481"]
[Site "www.chess-mail.com"]
[Date "2017.09.17"]
[Round "1"]
[White "Ditto"]
[Black "Falcoale"]
[WhiteElo "1890"]
[BlackElo "2010"]
[Result "0-1"]
[Round "1"]
1.e4 c5
2.Nb1c3 e6
3.Bf1b5 a6
4.Bb5e2 Nb8c6
5.d3 Ng8f6
6.Bc1g5 h6
7.Ng1f3 hxg5
8.a3 g4
9.Nf3d2 Nc6d4
10.Nd2c4 b5
11.Nc4e5 Nd4xe2
12.Nc3xe2 Bc8b7
13.Ne2g3 d5
14.O-O Bf8d6
15.Ne5xg4 dxe4
16.Ng4xf6 Qd8xf6
17.dxe4 O-O-O
18.Qd1e2 Qf6h4
19.f3 Qh4xh2
20.Kf2 Qh2xg3
21.Ke3 Bd6f4
{ resign }
0-1

[Event "Tourn. n9479"]
[Site "www.chess-mail.com"]
[Date "2017.09.17"]
[Round "1"]
[White "Vios"]
[Black "Osopanda"]
[WhiteElo "1729"]
[BlackElo "1680"]
[Result "1-0"]
[Round "1"]
1.e4 d6
2.d4 Ng8f6
3.Nb1c3 Nb8d7
4.f4 e5
5.Ng1f3 Bf8e7
6.dxe5 dxe5
7.fxe5 Nf6g4
8.Bc1f4 O-O
9.h3 Ng4h6
10.Qd1d2 c6
11.Bf4xh6 gxh6
12.Qd2xh6 f6
13.Bf1c4 Kh8
14.O-O-O Nd7xe5
15.Rd1xd8 Rf8xd8
16.Nf3xe5 fxe5
17.Rh1f1 Bc8d7
18.Rf1f7 { resign }
1-0

[Event "Tourn. n9459"]
[Site "www.chess-mail.com"]
[Date "2017.09.17"]
[Round "1"]
[White "Odin"]
[Black "Cjood"]
[WhiteElo "1820"]
[BlackElo "1940"]
[Result "1-0"]
[Round "1"]
1.d4 Ng8f6
2.Ng1f3 b6
3.Bc1f4 Bc8b7
4.Nb1d2 g6
5.e4 Nf6xe4
6.Bf1d3 Ne4xd2
7.Bf4xd2 Bf8g7
8.Bd2c3 O-O
9.O-O e6
10.Nf3e5 Qd8g5
11.g3 Bg7xe5
12.Bc3d2 Qg5f6
13.dxe5 Qf6xe5
14.Bd2h6 Qe5d5
15.f3 Qd5d4
16.Kg2 Rf8e8
17.c3 Qd4c5
18.Qd1e1 d5
19.Qe1e5 f6
20.Qe5xf6 Qc5e7
21.Qf6e5 Nb8c6
22.Qe5e2 e5
23.Ra1e1 d4
24.Qe2c2 Qe7f6
25.Bd3c4 Kh8
26.h4 dxc3
27.Qc2xc3 Nc6d4
28.Bh6g5 Qf6f5
29.g4 Qf5f8
30.Qc3d2 Bb7xf3
31.Kg3 Qf8d6
32.Re1xe5 Qd6xe5
33.Bg5f4 Qe5c5
34.Qd2c3 h5
35.Rf1xf3 hxg4
36.Rf3d3 Ra8d8
37.b4 Qc5c6
38.Rd3xd4 Qc6f3
39.Qc3xf3 gxf3
40.Rd4xd8 Re8xd8
41.Bf4g5 Rd8f8
42.Kf2 Kh7
43.a4 Rf8f5
44.Bc4e6 Rf5f8
45.Be6g4 c5
46.bxc5 bxc5
47.Bg5e7 Rf8f4
48.Bg4xf3 Rf4xa4
49.Be7xc5 a5
50.Kg3 Ra4c4
51.Bc5e7 a4
52.Kf2 Rc4c3
53.h5 a3
54.Be7f6 Rc3c2
55.Ke3 gxh5
56.Bf3e4 Kh6
57.Be4xc2 h4
58.Kf3 Kh5
59.Kg2 Kg4
60.Bc2b3 Kf5
61.Bf6xh4 Ke4
62.Bh4e7 { resign }
1-0

[Event "Tourn. n9483"]
[Site "www.chess-mail.com"]
[Date "2017.09.17"]
[Round "1"]
[White "Luban"]
[Black "Falcoale"]
[WhiteElo "2150"]
[BlackElo "2080"]
[Result "1-0"]
[Round "1"]
1.d4 Ng8f6
2.c4 b6
3.e3 Bc8b7
4.Ng1f3 e6
5.a3 d6
6.Nb1c3 Bf8e7
7.Bf1d3 O-O
8.O-O Nb8d7
9.e4 c5
10.d5 exd5
11.Nc3xd5 Nf6xd5
12.exd5 Be7f6
13.Bc1f4 Bf6e7
14.Qd1c2 h6
15.b4 Ra8c8
16.b5 a6
17.a4 Nd7f6
18.h3 a5
19.Bf4h2 Rc8c7
20.Nf3h4 Bb7c8
21.Rf1e1 Nf6d7
22.Nh4f5 Be7f6
23.Bh2xd6 Nd7e5
24.Bd6xe5 Bf6xe5
25.Re1xe5 Bc8xf5
26.Bd3xf5 Qd8f6
27.Ra1e1 g6
28.Bf5xg6 fxg6
29.Re5e6 Qf6f5
30.Re6xg6 Rc7g7
31.Qc2xf5 Rf8xf5
32.Rg6xb6 Rf5g5
33.g3 Kh7
34.Rb6c6 Rg5f5
35.Rc6xc5 Rf5f3
36.b6 Rf3c3
37.Rc5c7 Rg7xc7
38.bxc7 Rc3xc4
39.d6 { resign }
1-0

[Event "Tourn. n9503"]
[Site "www.chess-mail.com"]
[Date "2017.09.17"]
[Round "1"]
[White "Dussek"]
[Black "Claudia"]
[WhiteElo "1880"]
[BlackElo "1990"]
[Result "0-1"]
[Round "1"]
1.d4 Ng8f6
2.Ng1f3 g6
3.Bc1f4 c5
4.c4 cxd4
5.Nf3xd4 Qd8b6
6.b3 Bf8g7
7.e3 e5
8.Bf4xe5 Qb6a5
9.Nb1d2 Qa5xe5
10.Nd4f3 Qe5a5
11.a4 Nf6e4
12.Ra1a2 O-O
13.Bf1d3 Ne4c3
14.Qd1c2 Nc3xa2
15.Qc2xa2 Nb8c6
16.Qa2b1 d5
17.O-O Bc8g4
18.Qb1c1 Ra8d8
19.h3 Bg4e6
20.cxd5 Be6xd5
21.e4 Bd5e6
22.Bd3c4 Be6xc4
23.Nd2xc4 Qa5h5
24.Qc1e3 a6
25.Nc4b6 Nc6d4
26.Nb6d5 Nd4xf3
27.Qe3xf3 Qh5xf3
28.gxf3 Rf8e8
29.Rf1c1 f5
30.Nd5c7 Rd8c8
31.Rc1c4 Re8e7
32.exf5 Re7xc7
{ resign }
0-1

[Event "Tourn. n9499"]
[Site "www.chess-mail.com"]
[Date "2017.09.17"]
[Round "1"]
[White "Picifarkinca"]
[Black "Falcoale"]
[WhiteElo "2080"]
[BlackElo "2040"]
[Result "1/2-1/2"]
[Round "1"]
1.b3 f5
2.Bc1b2 Ng8f6
3.g3 e6
4.Bf1g2 Bf8e7
5.c4 O-O
6.d3 Nb8c6
7.Nb1d2 d5
8.Ng1f3 Be7c5
9.d4 Bc5e7
10.O-O Nf6e4
11.e3 Nc6b4
12.Nf3e5 Nb4d3
13.Ne5xd3 c6
14.Nd3e5 { draw }
1/2-1/2

[Event "Tourn. n9500"]
[Site "www.chess-mail.com"]
[Date "2017.09.17"]
[Round "1"]
[White "Picifarkinca"]
[Black "Michel93"]
[WhiteElo "2080"]
[BlackElo "1809"]
[Result "1/2-1/2"]
[Round "1"]
1.Ng1f3 d5
2.b3 Bc8g4
3.e3 Ng8f6
4.Bc1b2 Nb8d7
5.Bf1e2 e6
6.O-O Bf8d6
7.h3 { draw }
1/2-1/2

[Event "Tourn. n9480"]
[Site "www.chess-mail.com"]
[Date "2017.09.17"]
[Round "1"]
[White "Luban"]
[Black "Falcoale"]
[WhiteElo "2150"]
[BlackElo "2040"]
[Result "1-0"]
[Round "1"]
1.d4 Ng8f6
2.c4 e6
3.e3 b6
4.Ng1f3 Bc8b7
5.Nb1c3 d6
6.Bf1d3 Nb8c6
7.a3 Bf8e7
8.O-O O-O
9.h3 Ra8c8
10.Rf1e1 Nc6a5
11.Nf3d2 d5
12.b4 Na5xc4
13.Bd3xc4 dxc4
14.Nd2xc4 Nf6e4
15.Nc3xe4 Bb7xe4
16.f3 Be4b7
17.Bc1b2 c6
18.e4 c5
19.dxc5 bxc5
20.b5 Be7h4
21.Qd1xd8 Rf8xd8
22.Re1e2 Rc8b8
23.a4 a6
24.Bb2e5 Rb8a8
25.Nc4d6 Ra8a7
26.Re2d2 f6
27.Be5h2 Bh4g5
28.Rd2d3 e5
29.Ra1d1 axb5
30.axb5 Bb7a8
31.b6 Ra7d7
32.Kf2 c4
33.Rd3a3 f5
34.Bh2xe5 fxe4
35.Rd1a1 exf3
36.Ra3xa8 fxg2
37.Ra8xd8 Rd7xd8
38.Kxg2 Bg5e7
39.b7 { resign }
1-0

[Event "Tourn. n9484"]
[Site "www.chess-mail.com"]
[Date "2017.09.17"]
[Round "1"]
[White "Hansen"]
[Black "Cristiano"]
[WhiteElo "1560"]
[BlackElo "1570"]
[Result "0-1"]
[Round "1"]
1.e4 e5
2.g3 Ng8f6
3.f3 d6
4.g4 h6
5.d3 Nb8c6
6.g5 hxg5
7.Bc1xg5 Bf8e7
8.Qd1d2 Bc8e6
9.c4 Nc6d4
10.f4 exf4
11.Bg5xf4 Nf6g4
12.h3 Be7h4
13.Kd1 Ng4f2
14.Kc1 Nf2xh1
15.Qd2g2 Qd8f6
16.Bf4e3 Nh1g3
17.Nb1c3 c5
18.Kd2 O-O-O
19.Ng1e2 Nd4f3
20.Kc1 Ng3xe2
21.Nc3xe2 Nf3e1
22.Qg2h2 Qf6xf1
23.Kd2 Ne1f3
24.Kc3 Nf3xh2
25.Ra1xf1 Nh2xf1
26.Be3f4 g5
27.Bf4c1 Bh4e1
28.Kc2 f6
29.Kd1 Be1f2
30.Kc2 Rh8xh3
31.Ne2f4 gxf4
{ resign }
0-1

[Event "Match"]
[Site "www.echecsemail.com"]
[Date "2017.09.17"]
[Round "1"]
[White "Llord"]
[Black "Cjood"]
[WhiteElo "1920"]
[BlackElo "1930"]
[Result "0-1"]
[Round "1"]
1.e4 c5
2.Bf1c4 e6
3.Ng1f3 Nb8c6
4.a3 g6
5.d3 Bf8g7
6.c3 Nc6e5
7.d4 Ne5xc4
8.e5 d6
9.exd6 Qd8xd6
10.O-O Ng8e7
11.g3 cxd4
12.cxd4 b6
13.Nb1c3 O-O
14.Nc3e4 Qd6d5
15.Ne4c3 Qd5c6
16.Bc1f4 Nc4xb2
17.Qd1e2 Qc6xc3
{ resign }
0-1

[Event "Match"]
[Site "www.echecsemail.com"]
[Date "2017.09.17"]
[Round "1"]
[White "Whitekknight"]
[Black "Jc7325"]
[WhiteElo "1920"]
[BlackElo "1499"]
[Result "1-0"]
[Round "1"]
1.d4 d5
2.e4 dxe4
3.Nb1c3 Ng8f6
4.f3 exf3
5.Qd1xf3 Nb8c6
6.Bf1b5 Bc8d7
7.Bc1g5 h6
8.Bg5xf6 gxf6
9.Ng1e2 e5
10.dxe5 Qd8e7
11.exf6 Qe7d8
12.O-O-O a6
13.Qf3e4 Bd7e6
14.Bb5xc6 bxc6
15.Rd1xd8 Ra8xd8
16.Ne2d4 Rh8g8
17.Nd4xe6 { resign }
1-0

[Event "Match"]
[Site "www.echecsemail.com"]
[Date "2017.09.17"]
[Round "1"]
[White "Squeakysquaw"]
[Black "Alieno"]
[WhiteElo "1499"]
[BlackElo "1499"]
[Result "1-0"]
[Round "1"]
1.d4 d5
2.c4 c6
3.Nb1c3 Ng8f6
4.Ng1f3 Bc8f5
5.g3 e6
6.Bf1g2 dxc4
7.e3 Nf6d5
8.Nf3e5 Bf5g6
9.Qd1f3 f6
10.Ne5xg6 hxg6
11.O-O Bf8d6
12.Nc3e4 Nb8a6
13.Bg2h3 Qd8e7
14.a3 O-O
15.Ne4xd6 Qe7xd6
16.e4  { time }
1-0

[Event "Match"]
[Site "www.echecsemail.com"]
[Date "2017.09.17"]
[Round "1"]
[White "Cal"]
[Black "Squeakysquaw"]
[WhiteElo "1640"]
[BlackElo "1499"]
[Result "0-1"]
[Round "1"]
1.c4 e6
2.Nb1c3 d5
3.cxd5 exd5
4.d4 Ng8f6
5.h3 Nb8c6
6.a3 Bf8e7
7.Ng1f3 Bc8f5
8.e3 a6
9.b4 O-O
10.Bc1b2 Be7d6
11.Bf1e2 Rf8e8
12.O-O Nc6e7
13.Nf3h4 Bf5d7
14.f4 Ne7f5
15.Be2g4 Nf5xe3
16.Qd1e2 Ne3xg4
17.hxg4 Re8xe2
18.Nc3xe2 Nf6xg4
19.g3 Ng4e3
20.Rf1e1 Ne3c2
21.Re1f1 Nc2xa1
22.Bb2xa1 Bd7b5
23.Rf1f2 Qd8d7
24.Ne2c3 Bb5c6
25.f5 Bd6xg3
26.Nh4g2 Bg3xf2
27.Kxf2 Qd7xf5
28.Kg1 Qf5g4
29.Ba1b2 Qg4xd4
30.Kh2 Qd4e5
31.Kh1 d4
32.Nc3a2 Qe5e2
33.Bb2xd4 Qe2xg2
{ resign }
0-1

[Event "Match"]
[Site "www.echecsemail.com"]
[Date "2017.09.17"]
[Round "1"]
[White "Cjood"]
[Black "Matthias"]
[WhiteElo "1950"]
[BlackElo "1159"]
[Result "1-0"]
[Round "1"]
1.d4 Ng8f6
2.c4 d5
3.c5 e6
4.Nb1c3 Nb8c6
5.e3 Bc8d7
6.Ng1f3 g6
7.a3 Bf8h6
8.Bf1d3 b6
9.O-O bxc5
10.dxc5 O-O
11.b4 a5
12.b5 Nc6a7
13.c6 Bd7e8
14.a4 Qd8d6
15.Bc1a3 Qd6d8
16.Ba3xf8 Kxf8
17.h3 Qd8d6
18.e4 d4
19.Nc3e2 e5
20.g4 Bh6f4
21.Ne2xf4 exf4
22.e5 Qd6e6
23.exf6 Qe6xf6
24.g5 Qf6e6
25.Nf3xd4 Qe6xh3
26.Qd1f3 Qh3h4
27.Qf3g2  { time }
1-0

[Event "1/16 Finale"]
[Site "www.chess-mail.com"]
[Date "2017.09.17"]
[Round "1"]
[White "Corr"]
[Black "Asoka"]
[WhiteElo "2020"]
[BlackElo "2730"]
[Result "1/2-1/2"]
[Round "1"]
1.e4 c5
2.Ng1f3 e6
3.d4 cxd4
4.Nf3xd4 Ng8f6
5.Nb1c3 Nb8c6
6.Nd4b5 d6
7.Bc1f4 e5
8.Bf4g5 a6
9.Nb5a3 Bf8e7
10.Na3c4 O-O
11.Bg5xf6 Be7xf6
12.Qd1xd6 Bc8e6
13.O-O-O Qd8xd6
14.Nc4xd6 Bf6g5
15.Kb1 Rf8d8
16.Bf1e2 Nc6d4
17.Nd6xb7 Rd8c8
18.h4 Bg5e7
19.Be2d3 Rc8c7
20.Nb7a5 Be7b4
21.Na5b3 Bb4xc3
22.bxc3 Rc7xc3
23.Nb3xd4 exd4
24.e5 Rc3c5
25.Bd3e4 Ra8b8
26.Kc1 Rc5xe5
27.Rd1xd4 Be6xa2
28.Rh1d1 Kf8
29.f3 Ba2e6
{ draw }
1/2-1/2

[Event "Tourn. n9504"]
[Site "www.chess-mail.com"]
[Date "2017.09.18"]
[Round "1"]
[White "Ssharp"]
[Black "Picifarkinca"]
[WhiteElo "2190"]
[BlackElo "2080"]
[Result "1/2-1/2"]
[Round "1"]
1.e4 c6
2.d4 d5
3.e5 Bc8f5
4.Bf1d3 Bf5xd3
5.Qd1xd3 e6
6.Ng1f3 Nb8d7
7.O-O Qd8b6
8.b3 Ra8c8
9.Nb1d2 c5
10.c3 Ng8e7
{ draw }
1/2-1/2

[Event "Tourn. n9499"]
[Site "www.chess-mail.com"]
[Date "2017.09.18"]
[Round "1"]
[White "Wegaman"]
[Black "Picifarkinca"]
[WhiteElo "2100"]
[BlackElo "2080"]
[Result "1/2-1/2"]
[Round "1"]
1.d4 e6
2.c4 Ng8f6
3.Nb1c3 Bf8b4
4.Qd1c2 b6
5.Ng1f3 Bc8b7
6.Bc1g5 h6
7.Bg5h4 O-O
8.a3 Bb4e7
{ draw }
1/2-1/2

[Event "Tourn. n9507"]
[Site "www.chess-mail.com"]
[Date "2017.09.18"]
[Round "1"]
[White "Luban"]
[Black "Estonia"]
[WhiteElo "2100"]
[BlackElo "2050"]
[Result "1-0"]
[Round "1"]
1.d4 Ng8f6
2.c4 e6
3.a3 d5
4.e3 c5
5.Ng1f3 Nb8c6
6.dxc5 Bf8xc5
7.b4 Bc5e7
8.Bc1b2 O-O
9.Bf1e2 a6
10.O-O b6
11.Nb1c3 Bc8b7
12.Ra1c1 Ra8c8
13.cxd5 exd5
14.Nf3d4 Nf6e4
15.Nc3xe4 dxe4
16.Nd4xc6 Rc8xc6
17.Qd1xd8 Rf8xd8
18.Rc1xc6 Bb7xc6
19.Be2xa6 f5
20.Ba6c4 Kf8
21.Bb2d4 b5
22.Bc4e6 Bc6d7
23.Be6xd7 Rd8xd7
24.Rf1d1 Rd7c7
25.Bd4e5 Rc7c2
26.h3 g5
27.Rd1d5 Rc2a2
28.Rd5xb5 Ra2xa3
29.Be5g3 Ra3a1
30.Kh2 Ra1b1
31.Rb5xf5 Kg7
32.b5 h5
33.Bg3c7 Be7f6
34.b6 h4
35.Rf5a5 Rb1b2
36.Ra5a7 Kg6
37.b7 Rb2xf2
38.b8Q g4
39.Qb8g8 Kh6
40.Bc7f4 Kh5
41.Ra7h7 { resign }
1-0

[Event "Tourn. n9477"]
[Site "www.chess-mail.com"]
[Date "2017.09.18"]
[Round "1"]
[White "Falcoale"]
[Black "Aiko1603"]
[WhiteElo "1990"]
[BlackElo "2000"]
[Result "0-1"]
[Round "1"]
1.e4 c5
2.Ng1f3 Nb8c6
3.b3 d6
4.Bc1b2 Bc8g4
5.h3 Bg4xf3
6.Qd1xf3 Ng8f6
7.d3 g6
8.Nb1d2 Bf8g7
9.c3 O-O
10.Bf1e2 Nc6e5
11.Qf3g3 a6
12.O-O b5
13.f4 Ne5c6
14.Be2f3 Ra8c8
15.Ra1d1 Qd8b6
16.Bb2a1 c4
17.Kh1 cxd3
18.c4 Nc6b4
19.Bf3g4 Rc8c5
20.Ba1d4 Nf6xe4
21.Nd2xe4 Bg7xd4
22.f5 Rc5e5
23.Ne4d2 Nb4c2
24.Nd2f3 Re5e3
25.Qg3h2 h5
26.Nf3xd4 Nc2xd4
27.Bg4f3 Nd4xf5
28.Qh2f4 e5
29.Rf1e1 exf4
{ resign }
0-1

[Event "Tourn. n9510"]
[Site "www.chess-mail.com"]
[Date "2017.09.18"]
[Round "1"]
[White "Ssharp"]
[Black "Picifarkinca"]
[WhiteElo "2190"]
[BlackElo "2080"]
[Result "1/2-1/2"]
[Round "1"]
1.e4 c6
2.d4 d5
3.e5 Bc8f5
4.Bf1d3 Bf5xd3
5.Qd1xd3 e6
6.Ng1f3 Nb8d7
7.O-O Qd8b6
8.b3 c5
9.c3 Ra8c8
{ draw }
1/2-1/2

[Event "Tourn. n9520"]
[Site "www.chess-mail.com"]
[Date "2017.09.18"]
[Round "1"]
[White "Luban"]
[Black "Fantomas"]
[WhiteElo "2140"]
[BlackElo "2220"]
[Result "1/2-1/2"]
[Round "1"]
1.d4 Ng8f6
2.c4 e6
3.a3 d5
4.e3 Bf8e7
5.Ng1f3 c6
6.Bf1d3 O-O
7.Nb1c3 b6
8.O-O Bc8b7
9.Rf1e1 c5
10.dxc5 Be7xc5
11.b4 Bc5e7
12.Bc1b2 dxc4
13.Bd3xc4 Qd8c8
14.Bc4b3 Rf8d8
15.Qd1c2 Nf6d5
16.Ra1c1 Nd5xc3
17.Qc2xc3 Qc8xc3
18.Bb2xc3 Nb8a6
19.Nf3d4 Na6c7
20.Bc3b2 Rd8c8
21.Nd4c6 Be7f8
22.Re1d1 Nc7d5
23.Bb3xd5 exd5
24.b5 Bf8c5
25.Rd1xd5 Bb7xc6
26.bxc6 Rc8xc6
27.Bb2d4 Rc6d6
28.Rc1xc5 bxc5
29.Rd5xd6 Ra8b8
30.g3 cxd4
31.Rd6xd4 g6
32.Kf1 Kg7
33.Ke2 Rb8b3
34.Rd4a4 Rb3b7
35.Ra4b4 Rb7c7
36.Kd3 Kf6
37.a4 Ke6
38.h4 f5
39.a5 h5
40.a6 Rc7c6
41.Rb4a4 Ke5
42.Ra4a5 Kd6
43.Kd4 Rc6b6
44.f4 Ke6
45.Ra5a3 Kd6
46.Ra3a5 Ke6
47.Ra5a3 Kd6
{ draw }
1/2-1/2

[Event "Tourn. n9510"]
[Site "www.chess-mail.com"]
[Date "2017.09.18"]
[Round "1"]
[White "Ssharp"]
[Black "Fantomas"]
[WhiteElo "2190"]
[BlackElo "2130"]
[Result "0-1"]
[Round "1"]
1.e4 c5
2.Ng1f3 d6
3.c3 Ng8f6
4.h3 Nf6xe4
5.Qd1a4 Bc8d7
6.Qa4xe4 Bd7c6
7.Qe4g4 Nb8d7
8.Bf1e2 Nd7f6
9.Qg4g3 g6
10.Nb1a3 Bf8g7
11.d3 O-O
12.O-O Nf6h5
13.Qg3h2 f5
14.Nf3g5 Rf8f6
15.Be2xh5 gxh5
16.f4 h6
17.Ng5f3 e6
18.Bc1d2 Rf6g6
19.Bd2e1 Bg7f6
20.Na3c4 Kh7
21.Kf2 Ra8c8
22.Ke2 Rc8c7
23.Be1f2 Rc7g7
24.Rf1g1 b5
25.Nc4d2 Qd8g8
26.g3 a5
27.h4 e5
28.b3 e4
29.dxe4 fxe4
30.Nf3e1 Bf6xc3
31.Ra1d1 Qg8e6
32.Ne1g2 b4
33.Ng2e3 Bc6b5
34.Ke1 Qe6f7
35.Qh2h3 Rg6f6
36.Ne3d5 Qf7xd5
{ resign }
0-1

[Event "Tourn. n9335"]
[Site "www.chess-mail.com"]
[Date "2017.09.18"]
[Round "1"]
[White "Paulsyd"]
[Black "Pdebonis"]
[WhiteElo "2310"]
[BlackElo "2620"]
[Result "0-1"]
[Round "1"]
1.e4 c5
2.Ng1f3 d6
3.d4 cxd4
4.Nf3xd4 Ng8f6
5.Nb1c3 g6
6.Bf1e2 Bf8g7
7.O-O O-O
8.Bc1g5 Nb8c6
9.Nd4b3 Bc8e6
10.Kh1 Ra8c8
11.f4 a6
12.Be2f3 Nf6d7
13.Ra1b1 Bg7xc3
14.bxc3 Rf8e8
15.Qd1d2 f6
16.Bg5h4 Qd8c7
17.Rf1d1 Nc6d8
18.Bh4e1 b5
19.a3 Nd7b6
20.Nb3d4 Be6d7
21.f5 Nd8f7
22.Qd2c1 Nb6a4
23.Rd1d3 Na4c5
24.Rd3d1 e5
25.fxe6 Bd7xe6
26.Be1g3 Be6c4
27.Qc1f4 Nc5a4
28.Bg3e1 Qc7e7
29.Rb1c1 Na4c5
30.Be1g3 Nf7g5
31.Bf3g4 Rc8a8
32.Nd4c6 Qe7f7
33.Rd1e1 Ng5xe4
34.Nc6d4 d5
35.Bg4f3 Ra8c8
36.Bf3xe4 dxe4
37.Rc1d1 Nc5a4
38.Re1e3 f5
39.Bg3h4 Bc4e6
40.Bh4e1 Na4b6
41.Re3h3 Be6c4
42.Qf4d6 Nb6d5
43.Be1h4 f4
44.Bh4g5 f3
45.Nd4xf3 Qf7f5
46.Nf3d2 Qf5xg5
47.Qd6d7 Nd5f6
48.Nd2xe4 Nf6xd7
49.Ne4xg5 Nd7f6
50.Rh3h4 Re8e2
51.Rh4f4 Nf6d5
52.Rf4d4 Rc8f8
53.Rd1g1 Nd5f4
54.Ng5f3 Re2xc2
55.Rd4d6 Rc2xc3
56.Rg1a1 Nf4xg2
57.Kxg2 Rc3xf3
58.Rd6d2 Bc4f1
59.Ra1xf1 Rf3xf1
60.Rd2d3 Rf1a1
61.Kg3 Ra1g1
62.Kh3 g5
{ resign }
0-1

[Event "Tourn. n9494"]
[Site "www.chess-mail.com"]
[Date "2017.09.18"]
[Round "1"]
[White "Picifarkinca"]
[Black "Bigrezi"]
[WhiteElo "2090"]
[BlackElo "2070"]
[Result "0-1"]
[Round "1"]
1.Ng1f3 d5
2.d4 Ng8f6
3.e3 c5
4.c4 cxd4
5.exd4 Nb8c6
6.Nb1c3 Bc8g4
7.Bf1e2 e6
8.cxd5 Nf6xd5
9.O-O Bf8b4
10.Qd1d3 Bg4f5
11.Qd3d1 Nd5xc3
12.bxc3 Bb4xc3
13.Bc1e3 Bc3xa1
14.Qd1xa1 O-O
15.Rf1d1 Ra8c8
16.Qa1b2 Nc6a5
{ resign }
0-1

[Event "Tourn. n9439"]
[Site "www.chess-mail.com"]
[Date "2017.09.18"]
[Round "1"]
[White "Dussek"]
[Black "Azulmarino"]
[WhiteElo "1730"]
[BlackElo "1600"]
[Result "1-0"]
[Round "1"]
1.Ng1f3 Nb8c6
2.g3 Ng8f6
3.Bf1g2 e5
4.Nb1c3 d5
5.d4 Bc8g4
6.Nf3xe5 Nc6xe5
7.dxe5 Nf6d7
8.Qd1xd5 Qd8e7
9.Qd5xb7 Nd7b6
10.Nc3d5 Qe7xe5
11.Qb7c6 Kd8
12.O-O Ra8b8
13.Nd5xb6 axb6
14.Qc6c4 Bg4xe2
15.Rf1e1 Be2xc4
16.Re1xe5 Bf8d6
17.Re5e1 Bd6b4
18.c3 Bb4c5
19.Bc1g5 f6
20.Bg5f4 Rh8e8
21.Ra1d1 Bc5d6
22.Re1xe8 Kxe8
23.Bg2c6 Kf8
24.b3 Bc4e6
25.Bf4xd6 cxd6
26.Rd1xd6 Be6f5
27.a3 Rb8c8
28.b4 Rc8c7
29.b5 Rc7a7
30.Rd6d8 Kf7
31.Rd8a8 Ra7e7
32.Bc6d5 Kg6
33.c4 Bf5h3
34.f4 Re7e1
35.Kf2 Re1e7
36.Ra8b8 Bh3f5
37.Rb8xb6 Re7a7
38.Rb6a6 Ra7c7
39.a4 Bf5d3
40.Ra6c6 Bd3f5
41.Rc6xc7 Bf5c2
42.a5 { resign }
1-0

[Event "Tourn. n9534"]
[Site "www.chess-mail.com"]
[Date "2017.09.18"]
[Round "1"]
[White "Bojan"]
[Black "Fantomas"]
[WhiteElo "1990"]
[BlackElo "2190"]
[Result "0-1"]
[Round "1"]
1.e4 c5
2.Bf1c4 d6
3.h3 Ng8f6
4.Qd1e2 Nb8c6
5.Ng1f3 e6
6.Nb1c3 Bc8d7
7.a3 Bf8e7
8.d3 O-O
9.Bc1e3 a6
10.d4 b5
11.Bc4d3 c4
12.Bd3xc4 bxc4
13.Qe2xc4 Nc6a5
14.Qc4d3 h6
15.Nf3h2 Qd8c7
16.f4 Na5c4
17.Be3c1 Rf8c8
18.O-O Ra8b8
19.b3 Nc4xa3
20.Bc1b2 Na3b5
21.Nc3xb5 axb5
22.e5 Nf6d5
23.g3 Qc7xc2
24.Qd3xc2 Rc8xc2
25.Bb2c1 dxe5
26.dxe5 Bd7c6
27.Ra1a7 Be7c5
{ resign }
0-1

[Event "Tourn. n9473"]
[Site "www.chess-mail.com"]
[Date "2017.09.18"]
[Round "1"]
[White "Liencam2"]
[Black "Falcoale"]
[WhiteElo "2220"]
[BlackElo "2000"]
[Result "1-0"]
[Round "1"]
1.e4 c5
2.Nb1c3 e6
3.Ng1f3 Nb8c6
4.d4 cxd4
5.Nf3xd4 a6
6.Bf1e2 Ng8f6
7.Nd4xc6 bxc6
8.e5 Nf6d5
9.Nc3e4 h6
10.c4 Nd5b6
11.Ne4d6 Bf8xd6
12.exd6 O-O
13.Bc1e3 Bc8b7
14.c5 Nb6d5
15.Be3d4 Nd5f4
16.Be2f3 a5
17.O-O Nf4d5
18.g3 Qd8g5
19.Rf1e1 Nd5f4
20.Re1e5 f5
21.Bd4e3 Nf4h3
22.Kg2 f4
23.Re5xg5 Nh3xg5
24.gxf4 Ng5xf3
25.Qd1xf3 Rf8f7
26.Be3d4 Ra8f8
27.Bd4e5 Rf7f5
28.Qf3c3 Rf8f7
29.h4 Bb7a6
30.Qc3xa5 Ba6d3
31.Ra1h1 Bd3e4
32.f3 Rf5xe5
33.fxe5 Be4xf3
34.Kh2 { resign }
1-0

[Event "Tourn. n9531"]
[Site "www.chess-mail.com"]
[Date "2017.09.18"]
[Round "1"]
[White "Luban"]
[Black "Apdash"]
[WhiteElo "2100"]
[BlackElo "1920"]
[Result "0-1"]
[Round "1"]
1.d4 d5
2.Ng1f3 Ng8f6
3.h3 c5
4.dxc5 Nb8c6
5.e3 e6
6.c4 Bf8xc5
7.a3 a5
8.Nb1c3 O-O
9.b3 Nc6e7
10.Bc1b2 Bc8d7
11.Bf1d3 dxc4
12.Bd3xc4 Bd7c6
13.Nf3d4 Bc5xd4
14.Qd1xd4 Qd8xd4
15.exd4 Bc6xg2
16.Rh1g1 Bg2xh3
17.d5 Ne7g6
18.O-O-O Nf6xd5
19.Nc3xd5 exd5
20.Bc4xd5 Bh3e6
21.f4 Be6xd5
22.f5 Bd5xb3
23.Rd1d2 Ra8c8
24.Kb1 Rf8d8
25.Bb2d4 Rd8xd4
26.Rd2xd4 Bb3c2
{ resign }
0-1

[Event "Tourn. n9438"]
[Site "www.chess-mail.com"]
[Date "2017.09.18"]
[Round "1"]
[White "Nulladies"]
[Black "Fabos12"]
[WhiteElo "1980"]
[BlackElo "1910"]
[Result "1-0"]
[Round "1"]
1.d4 d5
2.Bc1f4 Ng8f6
3.Ng1f3 Bc8f5
4.e3 e6
5.Nf3e5 Nb8d7
6.Bf1d3 Bf5xd3
7.Qd1xd3 Nf6e4
8.Nb1d2 Nd7f6
9.f3 Ne4xd2
10.Qd3xd2 Bf8d6
11.O-O-O Nf6h5
12.Bf4g3 Nh5xg3
13.hxg3 f6
14.Ne5g6 Kf7
15.Ng6xh8 Qd8xh8
16.Qd2d3 h6
17.g4 Ra8c8
18.f4 a6
19.g5 f5
20.gxh6 gxh6
21.Rh1h2 Qh8g7
22.Qd3e2 Rc8h8
23.Qe2h5 Qg7g6
24.Qh5xg6 Kxg6
25.Rd1g1 c5
26.c3 b5
27.g4 cxd4
28.gxf5 Kxf5
29.cxd4 Ke4
30.Kd2 Bd6b4
31.Ke2 h5
32.Rg1h1 Rh8g8
33.Kf2 Bb4d2
34.Rh2xh5 Bd2xe3
35.Ke2 Rg8g2
36.Kf1 Rg2f2
37.Ke1 Rf2xb2
38.Rh5e5 Kxd4
39.Rh1h3 Be3xf4
40.Re5xe6 Rb2xa2
41.Rh3h4  { time }
1-0

[Event "Tourn. n9482"]
[Site "www.chess-mail.com"]
[Date "2017.09.18"]
[Round "1"]
[White "Jazzy"]
[Black "Tartan"]
[WhiteElo "2230"]
[BlackElo "2450"]
[Result "0-1"]
[Round "1"]
1.d4 Ng8f6
2.c4 e6
3.Ng1f3 d5
4.Nb1c3 c6
5.e3 Nb8d7
6.Bf1d3 dxc4
7.Bd3xc4 b5
8.Bc4e2 a6
9.Qd1c2 c5
10.Nc3e4 cxd4
11.Qc2c6 Ra8b8
12.Ne4d6 Bf8xd6
13.Qc6xd6 d3
14.Be2xd3 Bc8b7
15.Bc1d2 Bb7xf3
16.gxf3 Rb8b6
17.Qd6g3 Rb6c6
18.Bd2c3 O-O
19.O-O e5
20.Ra1d1 Qd8b8
21.Bd3f5 b4
22.Bf5xd7 Nf6xd7
23.Rd1xd7 bxc3
24.bxc3 Rc6g6
{ resign }
0-1